000 00540nam a2200229Ia 4500
003 OSt
005 20220918200003.0
006 a|||||r|||| 00| 0
007 ta
008 220917b |||||||| |||| 00| 0 eng d
024 _a87,040
037 _cTextual
040 _aARTS
_cARTS
_beng
041 _2eng
_aeng
082 _aT:55.3, L0
100 _aMcnab T
_992265
245 0 _aModern schools athletics
260 _c1970
650 _aEDUCATION
942 _hT:55.3, L0
_cTEXL
_2CC
999 _c210737
_d210737